[Event "Witney op-B 9th"]
[Site "Witney"]
[Date "2022.11.05"]
[Round "2"]
[White "Abbott, Mark V"]
[Black "Lappin, Benjamin"]
[Result "0-1"]
[WhiteElo "1839"]
[BlackElo "1871"]
[PlyCount "68"]
[EventDate "2022.11.05"]
[EventType "swiss"]
[EventRounds "5"]
[EventCountry "ENG"]
[SourceTitle "CBM 211 Extra"]
[Source "ChessBase"]
[SourceDate "2023.01.31"]
[SourceVersion "1"]
[SourceVersionDate "2023.01.31"]
[SourceQuality "1"]

1. c4 g6 2. g3 Bg7 3. Bg2 d6 4. Nc3 e5 5. e4 Nd7 6. Nge2 Nh6 7. 0-0 Nf6 8. d3 Be6 9. Bg5 Qd7 10. Qd2 Nhg4 11. f4 h6 12. Bxf6 Nxf6 13. f5 gxf5 14. exf5 Bxf5 15. Bxb7 Rb8 16. Rxf5 Qxf5 17. Bc6+ Kd8 18. Nb5 a6 19. Nxd6 cxd6 20. Qa5+ Kc8 21. Qxa6+ Kc7 22. c5 dxc5 23. Ba4 Qe6 24. Qa7+ Rb7 25. Qxc5+ Kb8 26. Bb3 Qb6 27. Qxb6 Rxb6 28. Nc3 Rd8 29. Re1 Rxd3 30. Rxe5 Rd2 31. Na4 Rc6 32. Rb5+ Kc7 33. Nc5 Ng4 34. Rb7+ Kc8 0-1